Inclusive recreation : programs and services for diverse populations (Record no. 213299)

MARC details
000 -LEADER
fixed length control field 00910nam a2200241Ia 4500
008 - FIXED-LENGTH DATA ELEMENTS--GENERAL INFORMATION
fixed length control field 191130s2010##################000#0#eng##
020 ## - INTERNATIONAL STANDARD BOOK NUMBER
ISBN 9780736081771
082 ## - DEWEY DECIMAL CLASSIFICATION NUMBER
Classification number 790.196 HUM
245 ## - TITLE STATEMENT
Title Inclusive recreation : programs and services for diverse populations
Statement of responsibility, etc Human Kinetics, editor
260 ## - PUBLICATION, DISTRIBUTION, ETC. (IMPRINT)
Place of publication Champaign, IL
Name of publisher Human Kinetics
Year of publication c2010
300 ## - PHYSICAL DESCRIPTION
Number of Pages viii, 399 p. : ill. ; 29 cm
500 ## - GENERAL NOTE
General note Includes bibliographical references (p. 371-385) and index
650 ## - SUBJECT ADDED ENTRY--TOPICAL TERM
Topical Term Inclusive education - United States
Topical Term People with disabilities - Recreation - United States
Topical Term People with disabilities - Recreation - United States - Planning
Topical Term Recreation - Law and legislation - United States
710 ## - ADDED ENTRY--CORPORATE NAME
Corporate name or jurisdiction name as entry element Human Kinetics (Organization)
991 ## -
-- 373457
Holdings
Withdrawn status Lost status Damaged status Not for loan Home library Current library Shelving location Date acquired Full call number Accession Number Price effective from Koha item type
        Anna Centenary Library Anna Centenary Library 6TH FLOOR, B WING 13.10.2020 790.196 HUM 396233 13.10.2020 English Books

Find us on the map